[Event "IECC CL7-2008.06 email"]
[Site "IECC email"]
[Date "2008.09.09"]
[Round "?"]
[White "Belej, Juan"]
[Black "Dal Bello, Alessandro"]
[Result "0-1"]
[WhiteElo "1093"]
[BlackElo "1103"]
[PlyCount "58"]
[EventDate "2008.??.??"]
[EventType "tourn (corr)"]
[EventRounds "4"]
[SourceTitle "Corr 2013"]
[Source "ChessBase"]
[SourceDate "2012.11.12"]
[SourceVersion "1"]
[SourceVersionDate "2012.11.12"]
[SourceQuality "1"]
[WhiteTeam "England"]
[BlackTeam "Italy"]
[WhiteTeamCountry "ENG"]
[BlackTeamCountry "ITA"]

1. e4 c5 2. Nf3 d6 3. d4 cxd4 4. Nxd4 Nf6 5. Nc3 a6 6. Bc4 e6 7. Bb3 Qc7 8. 0-0 Nc6 9. Be3 Na5 10. Qd3 Be7 11. f4 0-0 12. Rad1 Bd7 13. Nf3 b5 14. e5 dxe5 15. fxe5 Ng4 16. Bf4 Bc5+ 17. Kh1 Rfd8 18. Qe2 Nxb3 19. axb3 Bc6 20. Ne4 Bxe4 21. Qxe4 Nf2+ 22. Rxf2 Rxd1+ 23. Ng1 Bxf2 24. Qxa8+ Rd8 25. Qxa6 Qxc2 26. Qa1 Bxg1 27. Qa5 Bb6 28. Qxb6 Rd1+ 29. Qg1 Qb1 0-1

[Event "IECC CL7-2008.06 email"]
[Site "IECC email"]
[Date "2008.09.09"]
[Round "?"]
[White "Dal Bello, Alessandro"]
[Black "D'Aragona, Vittoria"]
[Result "0-1"]
[WhiteElo "1126"]
[BlackElo "1350"]
[PlyCount "78"]
[EventDate "2008.??.??"]
[EventType "tourn (corr)"]
[EventRounds "4"]
[SourceTitle "Corr 2013"]
[Source "ChessBase"]
[SourceDate "2012.11.12"]
[SourceVersion "1"]
[SourceVersionDate "2012.11.12"]
[SourceQuality "1"]
[WhiteTeam "England"]
[BlackTeam "Italy"]
[WhiteTeamCountry "ENG"]
[BlackTeamCountry "ITA"]

1. c4 e5 2. Nc3 d6 3. Nf3 f5 4. d3 Be7 5. e4 Nf6 6. exf5 Bxf5 7. Qb3 b6 8. Be2 0-0 9. 0-0 Nc6 10. Be3 Qd7 11. d4 exd4 12. Nxd4 Nxd4 13. Bxd4 c5 14. Be3 Ng4 15. Nd5 Nxe3 16. Nxe7+ Qxe7 17. Qxe3 Qf7 18. Rad1 Rae8 19. Qd2 Re4 20. Bd3 Rd4 21. Qc2 Bxd3 22. Rxd3 Qxc4 23. Qxc4+ Rxc4 24. Rxd6 Rc2 25. Rd7 a5 26. f3 Re8 27. Rfd1 Ree2 28. Rd8+ Kf7 29. R8d7+ Kg6 30. R7d6+ Kf5 31. R6d5+ Kf4 32. g3+ Kxf3 33. Rf1+ Ke4 34. Rh5 Rxb2 35. Rxh7 Rxa2 36. Rb1 b5 37. Kf1 a4 38. Rxb5 Kf3 39. Rb1 Rg2 0-1

[Event "IECC KO-1071"]
[Site "IECC email"]
[Date "2008.06.17"]
[Round "?"]
[White "Dal Bello, Alessandro"]
[Black "Buckle, Rodney"]
[Result "0-1"]
[WhiteElo "1082"]
[BlackElo "1272"]
[PlyCount "36"]
[EventDate "2007.??.??"]
[EventType "match (corr)"]
[EventRounds "2"]
[SourceTitle "Corr 2013"]
[Source "ChessBase"]
[SourceDate "2012.11.12"]
[SourceVersion "1"]
[SourceVersionDate "2012.11.12"]
[SourceQuality "1"]
[WhiteTeam "US of America"]
[BlackTeam "England"]
[WhiteTeamCountry "USA"]
[BlackTeamCountry "ENG"]

1. e4 Nf6 2. e5 Nd5 3. d4 e6 4. c4 Nb4 5. a3 N4c6 6. b4 d5 7. cxd5 exd5 8. Nf3 Bg4 9. h3 Bxf3 10. Qxf3 Nxd4 11. Qd3 Nbc6 12. f4 Qh4+ 13. g3 Qh5 14. Nc3 Bxb4 15. axb4 Nxb4 16. Qd2 Nb3 17. Qg2 Nxa1 18. Be2 Qg6 0-1

[Event "IECC CL7-2008.01 email"]
[Site "IECC email"]
[Date "2008.02.10"]
[Round "?"]
[White "Renze, John"]
[Black "Dal Bello, Alessandro"]
[Result "1-0"]
[WhiteElo "1215"]
[BlackElo "1092"]
[PlyCount "69"]
[EventDate "2008.??.??"]
[EventType "tourn (corr)"]
[EventRounds "4"]
[SourceTitle "Corr 2013"]
[Source "ChessBase"]
[SourceDate "2012.11.12"]
[SourceVersion "1"]
[SourceVersionDate "2012.11.12"]
[SourceQuality "1"]
[WhiteTeam "Nicaragua"]
[BlackTeam "US of America"]
[WhiteTeamCountry "NCA"]
[BlackTeamCountry "USA"]

1. e4 c5 2. Nc3 Nc6 3. g3 g6 4. Bg2 Bg7 5. d3 d6 6. Be3 Rb8 7. Qd2 b5 8. Nge2 b4 9. Nd1 Nd4 10. 0-0 a5 11. c3 Nxe2+ 12. Qxe2 Ba6 13. f4 Nf6 14. Re1 0-0 15. Rc1 Qd7 16. Nf2 a4 17. Qd2 bxc3 18. bxc3 Rb6 19. e5 Nd5 20. Bxd5 dxe5 21. Bg2 Rfb8 22. Bxc5 Rb2 23. Rc2 Rb1 24. Rxb1 Rxb1+ 25. Rc1 Qb5 26. Be3 Rb2 27. Rc2 Rb1+ 28. Bf1 a3 29. Nd1 e4 30. c4 Qb7 31. dxe4 Qxe4 32. Nc3 Rxf1+ 33. Kxf1 Bxc4+ 34. Kg1 Qf3 35. Qf2 1-0

[Event "IECC CL8-2007.07 email"]
[Site "IECC email"]
[Date "2007.11.20"]
[Round "?"]
[White "Dal Bello, Alessandro"]
[Black "Magee, Kerry"]
[Result "1-0"]
[WhiteElo "1000"]
[BlackElo "853"]
[PlyCount "67"]
[EventDate "2007.??.??"]
[EventType "tourn (corr)"]
[EventRounds "4"]
[SourceTitle "Corr 2011"]
[Source "ChessBase"]
[SourceDate "2010.08.31"]
[SourceVersion "1"]
[SourceVersionDate "2010.08.31"]
[SourceQuality "1"]
[WhiteTeam "Italy"]
[BlackTeam "Chile"]
[WhiteTeamCountry "ITA"]
[BlackTeamCountry "CHI"]

1. e4 e5 2. Nc3 Nf6 3. Bc4 Nc6 4. d3 Na5 5. Nf3 Nxc4 6. dxc4 Bb4 7. Qd3 0-0 8. a3 Bc5 9. b4 Be7 10. Nxe5 d6 11. Nf3 Bg4 12. Bb2 Bxf3 13. Qxf3 c6 14. b5 c5 15. 0-0 Rb8 16. Rfe1 b6 17. Rad1 Qc7 18. Nd5 Nxd5 19. exd5 Bf6 20. Bxf6 gxf6 21. Qg4+ Kh8 22. Re3 Rfe8 23. Rg3 Rg8 24. Qh4 Qe7 25. Rh3 Rg7 26. Re3 Qd8 27. Rde1 Rg6 28. Qe4 Rg8 29. Qe7 Qf8 30. Qxf6+ Qg7 31. Qxg7+ Kxg7 32. Rg3+ Kh8 33. Rxg8+ Kxg8 34. Re7 1-0

[Event "IECC KO-1071"]
[Site "IECC email"]
[Date "2007.11.02"]
[Round "?"]
[White "Podetti, Tomas"]
[Black "Dal Bello, Alessandro"]
[Result "0-1"]
[WhiteElo "1124"]
[BlackElo "1030"]
[PlyCount "46"]
[EventDate "2007.??.??"]
[EventType "match (corr)"]
[EventRounds "2"]
[SourceTitle "Corr 2020"]
[Source "ChessBase"]
[SourceDate "2019.09.30"]
[SourceVersion "1"]
[SourceVersionDate "2019.09.30"]
[SourceQuality "1"]
[WhiteTeam "Uruguay"]
[BlackTeam "Italy"]
[WhiteTeamCountry "URU"]
[BlackTeamCountry "ITA"]

1. e4 c5 2. Nf3 e6 3. d4 cxd4 4. Nxd4 Nc6 5. Be3 Nf6 6. Nd2 a6 7. f3 d5 8. N2b3 dxe4 9. fxe4 Qc7 10. Qd2 Nxe4 11. Qd3 Nc5 12. Qd2 Ne4 13. Qd1 Bb4+ 14. Ke2 e5 15. Nf3 Be6 16. c3 Bxc3 17. Qc2 Bc4+ 18. Kd1 Rd8+ 19. Kc1 Nb4 20. Qxe4 Bxb3 21. axb3 Bd2+ 22. Kd1 Bxe3+ 23. Ke1 Nc2+ 0-1